000
00471nam a2200181Ia 4500
008
090124s9999 xx 000 0 und d
082
_b
2631
_a
145
100
_a
आपटे नारायण हरि
245
_a
आजच
250
_a
1
260
_c
1924
300
_a
200
600
_a
आपटे नारायण हरि
630
_a
आजच
700
_a
आपटे नारायण हरि
730
_a
आजच
942
_c
BOOK
999
_c
116576
_d
116576